Poemas esenciales / (Record no. 192675)

MARC details
000 -LEADER
campo de control de longitud fija 01281nam a2200337 i 4500
001 - NÚMERO DE CONTROL
campo de control 192675
003 - IDENTIFICADOR DE NÚMERO DE CONTROL
campo de control SpMaBN
005 - FECHA Y HORA DE LA ÚLTIMA TRANSACCIÓN
campo de control 20240225063100.0
007 - CAMPO FIJO DE DESCRIPCIÓN FÍSICA--INFORMACIÓN GENERAL
campo de control de longitud fija ta
008 - DATOS DE LONGITUD FIJA--INFORMACIÓN GENERAL
campo de control de longitud fija 230511s2022 sp | |||| 000 p spa
017 ## - NÚMERO DE COPYRIGHT O DE DEPÓSITO LEGAL
Número de copyright o de depósito legal B 13444-2020
Agencia que asigna Oficina Depósito Legal Barcelona
020 ## - NÚMERO INTERNACIONAL ESTÁNDAR DEL LIBRO
Número Internacional Estándar del Libro 9788447150274
040 ## - FUENTE DE CATALOGACIÓN
Centro catalogador/agencia de origen SpMaBN
Lengua de catalogación spa
Centro/agencia transcriptor ES-MaACL
Normas de descripción rda
080 ## - NÚMERO DE LA CLASIFICACIÓN DECIMAL UNIVERSAL
Número de la Clasificación Decimal Universal 821.134.2-14"19"
100 1# - ENTRADA PRINCIPAL--NOMBRE DE PERSONA
Nombre de persona Machado, Antonio,
Fechas asociadas al nombre 1875-1939
Término indicativo de función/relación Autor
9 (RLIN) 75151
245 10 - MENCIÓN DEL TÍTULO
Título Poemas esenciales /
Mención de responsabilidad, etc. Antonio Machado ; selección de Jesús García Sánchez
264 #1 - PRODUCCIÓN, PUBLICACIÓN, DISTRIBUCIÓN, FABRICACIÓN Y COPYRIGHT
Producción, publicación, distribución, fabricación y copyright Barcelona :
Nombre del de productor, editor, distribuidor, fabricante Salvat,
Fecha de producción, publicación, distribución, fabricación o copyright [2022]
300 ## - DESCRIPCIÓN FÍSICA
Extensión 280 páginas ;
Dimensiones 22 cm
336 ## - TIPO DE CONTENIDO
Término de tipo de contenido Texto
Fuente rdacontent
337 ## - TIPO DE MEDIO
Nombre/término del tipo de medio sin mediación
Fuente rdamedia
338 ## - TIPO DE SOPORTE
Nombre/término del tipo de soporte volumen
Fuente rdacarrier
500 ## - NOTA GENERAL
Nota general Índice
505 ## - NOTA DE CONTENIDO CON FORMATO
Nota de contenido con formato Oración por Antonio Machado / Rubén Darío. Soledades, galerías y otros poemas ; Campos de Castilla ; Nuevas canciones ; Poesía de la guerra
700 0# - ENTRADA AGREGADA--NOMBRE PERSONAL
Nombre de persona García Sánchez, Jesús,
Fechas asociadas al nombre 1945-
9 (RLIN) 226358
Término indicativo de función/relación Editor literario
700 1# - ENTRADA AGREGADA--NOMBRE PERSONAL
Nombre de persona Darío, Rubén,
Fechas asociadas al nombre 1867-1916
Término indicativo de función/relación Autor
9 (RLIN) 42720
740 0# - ENTRADA AGREGADA--TÍTULO RELACIONADO/ANALÍTICO NO CONTROLADO
Título relacionado o analítico no controlado Oración por Antonio Machado
852 ## - LOCALIZACIÓN
Ubicación ES-MaACL
Sublocalización o colección R. 153164
Ubicación en estantería Depósito J
Donativo/Legado Donación: Editorial
Número de control de estantería N-8302
Encuadernación Encuadernación: cartoné
itemnumber 199971
942 ## - ELEMENTOS DE ENTRADA SECUNDARIOS (KOHA)
Suprimir en OPAC No
Tipo de ítem Koha Libro impreso
Holdings
Estatus retirado Estado de pérdida Fuente del sistema de clasificación o colocación Estado de daño No para préstamo Biblioteca de origen Biblioteca actual Ubicación en estantería Fecha de adquisición Fuente de adquisición Número de control de estantería Total de préstamos Signatura topográfica completa Código de barras Visto por última vez Tipo de ítem Koha
    Clasificación decimal universal     Biblioteca del Ateneo de Madrid Biblioteca del Ateneo de Madrid Depósito J 14/05/2022 Donación Ateneísta   N-8302 101205243 11/05/2023 Libro impreso